000 00359cam a2200145ua 4500
041 _aeng
_h
082 _a828.09
_bLEA/MI
100 _aLeavis, F.R .
245 _aMill on Bentham and Coleridge /
_cF.R Leavis.
_hTextual Documents
260 _aLondon :
_bChatto and winds ,
_c1962.
300 _a168 ; .
504 _a
942 _cBK
999 _c2699
_d2699